000 01908cam a22004095a 4500
001 L141434
008 050322s2008 000 0 eng u
020 _a9781905391448
035 _a(Sirsi) u141434
041 0 _aeng
050 0 4 _a346.41043 $2 18
100 1 _aButt, Paul
245 0 0 _aCommercial property
_b2008
250 _a15th ed.
260 _aGuildford
_bCollege of Law
_c2008
300 _axxvi, 421p.
_c30cm.
505 2 _aSite acquisitions -- Commercial leases -- Residential tenancies
520 _aDiscusses the legal issues surrounding site acquisitions, town and country planning requirements, the principles of commercial leases and the termination of leases. Examines residential landlord and tenant law and its potential impact on sites bought for commercial development. Includes the 2007 Code for Leasing Business Premises, and Land Registry requirements for prescribes clauses leases Covers the implications of the Disability Discrimination Act for property owners. Case law and legislation is current to 31 August 2007.
521 2 _aAdvanced
590 _aKA
650 2 4 _aASSURED SHORTHOLD TENANCIES
650 2 4 _aASSURED TENANCIES
650 2 4 _aDISABILITY DISCRIMINATION ACT 1995
650 2 4 _aASBESTOS AT WORK REGULATIONS 2002 REG 4
650 2 4 _aLANDLORD AND TENANT ACT 1954 PART II
650 2 4 _aPROTECTION FROM EVICTION ACT 1977
650 2 4 _aCRIMINAL LAW ACT 1977
650 2 4 _aLANDLORD AND TENANT ACT 1985 S11
650 2 4 _aLANDLORD AND TENANT ACT 1987
650 2 4 _aLEASEHOLD REFORM, HOUSING AND URBAN DEVELOPMENT ACT 1993
650 2 4 _aDISABILITY DISCRIMINATION ACT 2005
651 4 _aUnited Kingdom
_y
690 _aPROPERTY-COMMERCIAL PROPERTY
690 _aENVIRONMENTAL AND LAND CONSULTANCY-PLANNING AND DEVELOPMENT
690 _aPROPERTY-RESIDENTIAL PROPERTY-RESIDENTIAL LANDLORD AND TENANT-RESIDENTIAL TENANCIES
942 _n0
999 _c107662
_d107662